LEADER 01134nam a2200229 4500 001 000000339814 003 CaOOAMICUS 005 20230302125403.0 008 200312s1768 fr 000 u fre r 026 $alant tede unx; lere (3) 1768 (R) 040 $aSeMil$bita 100 11$aMaupertuis, Pierre-Louis Moreau : de,$d<1698-1759>.$0(OLS)http://semarc/name/111135 245 00$aTome 3. 264 1$aA Lyon :$bChez Jean-Marie Bruyset, imprimeur-libraire, rue S. Dominique,$c1768. 300 $a[4], iv, 468, [4] p. ;$c8° 500 $aSegn.: ?˛ a˛ A-2F? 2G? 773 0 $aMaupertuis, Pierre-Louis Moreau : de <1698-1759>$tOeuvres de Maupertuis. Tome 1. [-4.].$dA Lyon : Chez Jean-Marie Bruyset, imprimeur-libraire, rue S. Dominique, 1768.$bNouvelle édition corrigée & augmentée$g3$w()339809 850 $aSeMil 852 $aSeMil$W1$xVenegono$y1$m3XA II 28 FA$j219250$B230993$CSeMilBibl$Z2$F230993 $8I 996 $6245$aTome 3$9(OLS)http://semarc/title/1575 996 $6264$aA Lyon :$bChez Jean-Marie Bruyset, imprimeur-libraire, rue S. Dominique$9(OLS)http://semarc/publisher/58909 LEADER 01562nam a2200301 i 4500 001 000000176332 003 CaOOAMICUS 005 20250115135858.0 008 081202s2009 gw u000 u eng u 013 $a153821 020 $a978-3-525-53089-4 040 $aSeMil$bita 100 1 $aO'Dowd, Ryan.$0(OLS)http://semarc/name/65655 245 14$aThe wisdom of Torah: epistemology in Deuteronomy and the wisdom literature /$cRyan O'Dowd. 260 $aGöttingen :$bVandenhoeck & Ruprecht,$c2009. 300 $a213 p. ;$c24 cm. 490 0 $aForschungen zur Religion und Literatur des Alten und Neuen Testaments ;$v225 650 4$aBibbia. Antico testamento. Sapienza - Commentari, studi, critica, interpretazioni.$0(OLS)http://semarc/subject/2660 650 4$aBibbia. Antico Testamento. Deuteronomio - Commentari, studi, critica, interpretazioni.$0(OLS)http://semarc/subject/2785 650 4$aBibbia - AT - Saggezza.$0(OLS)http://semarc/subject/33600 830 0$aForschungen zur Religion und Literatur des Alten und Neuen Testaments ;$v225.$0(OLS)http://semarc/title/298 850 $aSeMil 852 $aSeMil$W1$xVenegono$y1$m2XA S 225$j253854$B127154$CSeMilBibl$Z2$F137642 $81 961 $aSottoscrizione: Vandenhoeck & Ruprecht 996 $6020$a978-3-525-53089-4$9(OLS)http://semarc/number/164841 996 $6245$aThe wisdom of Torah: epistemology in Deuteronomy and the wisdom literature$9(OLS)http://semarc/title/253043 996 $6260$aGöttingen :$bVandenhoeck & Ruprecht$9(OLS)http://semarc/publisher/29697